00283nam a22001217a 4500020001800000041000800018082001700026100002000043245003500063260003600098300000800134650001900142 a9780334027140 aeng a297.1228 JOM aJomier, Jacques aThe Great Themes of the Qur'An aLondonbSCM Press Limitedc1978 a129 aQuran-Theology